| 000 | 01015nmc a2200397 a 4500 | ||
|---|---|---|---|
| 003 | AR-BaBNM | ||
| 005 | 20251128204533.0 | ||
| 008 | 215019s1975 ||||||||||||||000 | spa|| | ||
| 040 | _cAR-BaBNM | ||
| 100 | 1 | _aTomasetta, Leonardo | |
| 245 | 1 | 0 | _aParticipación y autogestión |
| 260 |
_aBuenos Aires _bAmorrortu _c1975 |
||
| 300 | 0 | _a301 p. | |
| 490 | 0 | _aBiblioteca de sociología | |
| 504 | _aBibliografía en p. 297-299 | ||
| 600 | 1 | 4 | _aGramsci, Antonio |
| 600 | 1 | 4 | _aPanzieri, Raniero |
| 600 | 0 | 4 | _aLibertini |
| 650 | 4 | _aPARTICIPACION POLITICA | |
| 650 | 4 | _aPODER POLITICO | |
| 650 | 4 | _aDEMOCRACIA | |
| 650 | 4 | _aSOCIOLOGIA POLITICA | |
| 650 | 4 | _aCONFLICTO DE CLASES | |
| 650 | 4 | _aALIENACION [SOCIOLOGIA] | |
| 650 | 4 | _aAUTOGESTION | |
| 650 | 4 | _aCLASE BAJA | |
| 650 | 4 | _aFABRICA | |
| 650 | 4 | _aEMPRESAS | |
| 650 | 4 | _aMERCADOS | |
| 650 | 4 | _aPRODUCCION | |
| 650 | 4 | _aREVOLUCION | |
| 650 | 4 | _aVIDA POLITICA | |
| 800 | 1 |
_aRigal, Luis A. _edirector |
|
| 942 | _cBK | ||
| 998 | _cMarce | ||
| 999 |
_c7830 _d7830 |
||